LEADER 01401nam a2200325 a 4500 001 000000160412 003 CaOOAMICUS 005 20170502094749.0 008 170502s2015 it ab u001 u ita r 020 $a978-88-207-6365-7* 032 $aLibriCat 040 $aPUL$bita 100 1 $aCoppola, Giovanni.$0(OLS)http://pul/name/102631 245 10$aBattaglie normanne di terra e di mare :$bItalia meridionale, secoli XI-XII /$cGiovanni Coppola. 260 $aNapoli :$bLiguori,$c©2015. 300 $aVIII, 262 p. :$bill., c. geogr. ;$c24 cm. 490 1 $aBiblioteca 490 1 $aNuovo Medioevo ;$v99 504 $aBibliografia in nota. 650 4$aNormanni$xStoria$ysec. XI.$0(OLS)http://pul/subject/13594 651 4$aItalia meridionale$xStoria$ySec. XI-XII.$0(OLS)http://pul/subject/44534 830 0$aBiblioteca (Liguori editore).$0(OLS)http://pul/title/39222 830 0$aNuovo Medioevo ;$v99.$0(OLS)http://pul/title/338 850 $aPUL 852 $aPUL$W1$xSL Filosofia 3$y81$m110(1) E 99$j184024$qDDC 21$B187232$CPULBib$Z2$F187232 $H129508 $81 941 1 $a9 996 $6020$a978-88-207-6365-7*$9(OLS)http://pul/number/162540 996 $6245$aBattaglie normanne di terra e di mare :$bItalia meridionale, secoli XI-XII$9(OLS)http://pul/title/200059 996 $6260$aNapoli :$bLiguori$9(OLS)http://pul/publisher/48007 LEADER 01798cam a2200337 u 4500 001 000000001321 003 CaOOAMICUS 005 20070226104312.0 008 010321s1983 it u000 u ita u 020 $a8821300706 035 $a10030215 040 $aPUL(R)$bita 245 00$aSpirito Santo e catechesi patristica :$bConvegno di studio e aggiornamento, Facoltą di Lettere cristiane e classiche (Pontificium Institutum Altioris Latinitatis). Roma, 6-7 marzo 1982 /$ca cura di Sergio Felici. 260 $aRoma :$bLAS,$cc1983. 300 $a303 p. ;$c24 cm 490 1 $aBiblioteca di scienze religiose ;$v54 650 4$aPatristica$xCongressi.$0(OLS)http://pul/subject/1421 650 4$aSpiritus Sanctus$xCongressi.$0(OLS)http://pul/subject/1422 650 4$aCatechesi patristica.$0(OLS)http://pul/subject/1423 700 1 $aFelici, Sergio.$0(OLS)http://pul/name/1463 710 2 $aPontificia Universitą Salesiana.$bFacoltą di lettere cristiane e classiche.$0(OLS)http://pul/name/1465 830 0$aBiblioteca di scienze religiose (Libreria Ateneo salesiano) ;$v54.$0(OLS)http://pul/title/491 850 $aPUL 852 $aPUL$W1$xSL Religione 2$y84$mTheol A3 54$j1727$nBK-PRI$b $qStampati altre collocazioni$B1727$CPULBib$Z2$F1727 $H $81 941 1 $a10 961 $aINV: 74318 983 0$aNuova biblioteca di scienze religiose. 983 0$aBiblioteca di scienze religiose (LAS) 996 $6020$a8821300706$9(OLS)http://pul/number/1758 996 $6245$aSpirito Santo e catechesi patristica :$bConvegno di studio e aggiornamento, Facoltą di Lettere cristiane e classiche (Pontificium Institutum Altioris Latinitatis). Roma, 6-7 marzo 1982$9(OLS)http://pul/title/1963 996 $6260$aRoma :$bLAS$9(OLS)http://pul/publisher/48069